[Event "75. C.to Provinciale VE"]
[Site "Marghera ITA"]
[Date "2015.01.24"]
[Round "2.4"]
[White "Ballarin, Gabriele"]
[Black "Majer, Andrea"]
[Result "1-0"]
[WhiteElo "1941"]
[BlackElo "1700"]
[Annotator "Gabriele Ballarin"]
[PlyCount "77"]
[EventDate "2015.01.23"]
[EventType "swiss"]
[EventRounds "5"]
[EventCountry "ITA"]

1. e4 d6 2. d4 Nf6 3. Nc3 e5 4. Nf3 Nbd7 5. Bc4 Be7 6. O-O O-O 7. Re1 c6 8. a4 a5 9. h3 exd4 10. Qxd4 Nb6 11. Bb3 Be6 12. Bxe6 fxe6 13. Be3 Nfd7 14. Rad1 d5 15. exd5 exd5 16. Qg4 Bf6 17. Bd4 Re8 18. Rxe8+ Qxe8 19. Re1 Qf7 20. Ng5 Bxg5 21. Qxg5 h6 22. Qe7 Rc8 23. Bxb6 Nxb6 24. Qc5 Nc4 25. b3 b6 26. Qd4 Nd6 27. Qxb6 Re8 28. Rxe8+ Qxe8 29. Kf1 Qa8 30. Ne2 Ne4 31. f3 Nf6 32. Nd4 Nd7 33. Qxc6 Qa7 34. Qxd5+ Kh8 35. c3 Nf6 36. Qd8+ Kh7 37. Qd6 Qf7 38. Qe5 Nd5 39. c4 1-0

[Event "75. C.to Provinciale VE"]
[Site "Marghera ITA"]
[Date "2015.01.24"]
[Round "2.5"]
[White "Anoè, Lorenzo"]
[Black "Gaion, Giancarlo"]
[Result "1/2-1/2"]
[WhiteElo "1739"]
[BlackElo "1916"]
[Annotator "Gabriele Ballarin"]
[PlyCount "41"]
[EventDate "2015.01.23"]
[EventType "swiss"]
[EventRounds "5"]
[EventCountry "ITA"]

1. d4 d5 2. Bf4 e6 3. e3 Bd6 4. Bg3 Nd7 5. Nf3 f5 6. Nbd2 Qe7 7. Ne5 Ngf6 8. f4 O-O 9. Bh4 Qe8 10. Be2 Ne4 11. Nxe4 fxe4 12. O-O Nxe5 13. fxe5 Be7 14. Bxe7 Qxe7 15. Rxf8+ Qxf8 16. c3 Bd7 17. Qb3 b6 18. Rf1 Qe7 19. Bb5 Bxb5 20. Qxb5 c5 21. Qc6 1/2-1/2

[Event "75. C.to Provinciale VE"]
[Site "Marghera ITA"]
[Date "2015.01.24"]
[Round "2.6"]
[White "Marcucci, Michele"]
[Black "Di Marino, Maurizio"]
[Result "1-0"]
[WhiteElo "1700"]
[BlackElo "1476"]
[Annotator "Gabriele Ballarin"]
[PlyCount "93"]
[EventDate "2015.01.23"]
[EventType "swiss"]
[EventRounds "5"]
[EventCountry "ITA"]

1. e4 c5 2. Nf3 e6 3. b3 Nf6 4. Nc3 d6 5. Bb2 Nc6 6. d4 cxd4 7. Nxd4 a6 8. Qd2 Be7 9. f4 O-O 10. Be2 Qc7 11. a4 Bd7 12. Nf3 Rfd8 13. O-O-O Rab8 14. h3 Na7 15. g4 b5 16. g5 Ne8 17. axb5 Bxb5 18. Nd4 d5 19. Ndxb5 axb5 20. exd5 Bb4 21. Qe3 Bc5 22. Qe4 b4 23. Na4 exd5 24. Qe5 Qxe5 25. Bxe5 Rbc8 26. Nxc5 Rxc5 27. Bd4 Ra5 28. Bb6 Ra1+ 29. Kb2 Rxd1 30. Rxd1 Rd7 31. Bxa7 Rxa7 32. Rxd5 g6 33. Rb5 Re7 34. Bd3 Re3 35. Rxb4 Rxh3 36. Rb8 Kf8 37. Bb5 Re3 38. Rxe8+ Rxe8 39. Bxe8 Kxe8 40. Kc3 f5 41. Kd4 Kd7 42. Kd5 Ke7 43. b4 h5 44. gxh6 Kf7 45. Ke5 Kg8 46. Kf6 Kh7 47. c4 1-0

[Event "75. C.to Provinciale VE"]
[Site "Marghera ITA"]
[Date "2015.01.24"]
[Round "2.7"]
[White "Cappelletto, Joshuaede"]
[Black "Barecchia, Gian Marco"]
[Result "1-0"]
[WhiteElo "1518"]
[BlackElo "1661"]
[Annotator "Gabriele Ballarin"]
[PlyCount "73"]
[EventDate "2015.01.23"]
[EventType "swiss"]
[EventRounds "5"]
[EventCountry "ITA"]

1. e4 e5 2. Nf3 Nc6 3. Bc4 Nf6 4. Nc3 Bb4 5. O-O O-O 6. Re1 d6 7. h3 Ne7 8. d4 Ng6 9. a3 Bxc3 10. bxc3 Qe7 11. Qe2 h6 12. a4 Re8 13. Nd2 Nf4 14. Qe3 Kh7 15. Ba3 N6h5 16. dxe5 Qxe5 17. Bxf7 Qg5 18. Qf3 Bxh3 19. g3 Rf8 20. Bxh5 Nxh5 21. Qe3 Qg6 22. Rab1 b6 23. Nf3 Rf7 24. Nh4 Qf6 25. e5 dxe5 26. Qe4+ Kg8 27. Qxa8+ Kh7 28. Qe4+ Kg8 29. Re2 g5 30. Qg6+ Kh8 31. Qxf6+ Rxf6 32. Ng2 e4 33. Rxe4 Rc6 34. Rd1 Nf6 35. Re7 Be6 36. Rd8+ Ng8 37. c4 1-0

[Event "75. C.to Provinciale VE"]
[Site "Marghera ITA"]
[Date "2015.01.24"]
[Round "2.8"]
[White "Latella, Tommaso"]
[Black "Bertaggia, Andrea"]
[Result "1-0"]
[WhiteElo "1643"]
[BlackElo "1440"]
[Annotator "Gabriele Ballarin"]
[PlyCount "45"]
[EventDate "2015.01.23"]
[EventType "swiss"]
[EventRounds "5"]
[EventCountry "ITA"]

1. e4 e6 2. d4 d5 3. Nc3 c6 4. e5 c5 5. dxc5 Bxc5 6. Qg4 g6 7. Nf3 Nc6 8. Bd3 Qc7 9. Qg3 Bd7 10. O-O O-O-O 11. Bg5 Rf8 12. a3 f6 13. exf6 Qxg3 14. hxg3 Nxf6 15. Rfe1 h6 16. Bd2 g5 17. b4 Bb6 18. Na4 Nd4 19. Nxb6+ axb6 20. Nxd4 Ng4 21. f3 Nf6 22. Nxe6 Nh5 23. Nxf8 1-0

[Event "75. C.to Provinciale VE"]
[Site "Marghera ITA"]
[Date "2015.01.24"]
[Round "2.9"]
[White "Fornaro, Massimo"]
[Black "Milan, Maurizio"]
[Result "0-1"]
[WhiteElo "1452"]
[BlackElo "1548"]
[Annotator "Gabriele Ballarin"]
[PlyCount "142"]
[EventDate "2015.01.23"]
[EventType "swiss"]
[EventRounds "5"]
[EventCountry "ITA"]

1. d4 Nf6 2. e3 g6 3. Bd3 c5 4. c4 Bg7 5. d5 d6 6. Ne2 O-O 7. Nbc3 Nbd7 8. f4 a6 9. a4 Re8 10. O-O e5 11. dxe6 Rxe6 12. f5 Re8 13. fxg6 hxg6 14. Nf4 Ne5 15. Be2 Neg4 16. Nfd5 Nxd5 17. Nxd5 Ne5 18. Ra3 Be6 19. e4 Rb8 20. a5 Nc6 21. Qd2 Nd4 22. Bd1 Be5 23. Qf2 Bxd5 24. cxd5 Qc7 25. Rh3 Qe7 26. Kh1 b5 27. Bf4 Bxf4 28. Qxf4 Qf8 29. Bf3 Re5 30. Qf6 Qg7 31. Qxd6 Rbe8 32. Qxc5 Ne6 33. Qc6 Ng5 34. Rh4 Nxe4 35. Bxe4 Rxe4 36. Rxe4 Rxe4 37. Qxa6 Qd4 38. Qf6 Qxd5 39. Qc3 Re2 40. Rg1 Qf5 41. h3 Rc2 42. Qd4 Rc4 43. Qd2 Rc2 44. Qd4 Rc4 45. Qd2 Rc2 46. Qd8+ Kg7 47. Qd4+ f6 48. Re1 g5 49. Qd8 Rc8 50. Qb6 Qd5 51. a6 Qd2 52. Rf1 Qd8 53. Qb7+ Rc7 54. Qxb5 Qd6 55. Qe2 Re7 56. Qc4 Rc7 57. Qa4 Qb6 58. b4 g4 59. b5 gxh3 60. Qg4+ Kf7 61. Qh5+ Kg7 62. gxh3 Rc5 63. Rg1+ Kf8 64. Qh6+ Ke7 65. Qg7+ Ke8 66. Qg8+ Ke7 67. Rg7+ Kd6 68. Qf8+ Ke5 69. Rb7 Rc1+ 70. Kg2 Qg1+ 71. Kf3 Rc3+ 0-1

[Event "75. C.to Provinciale VE"]
[Site "Marghera ITA"]
[Date "2015.01.24"]
[Round "3.1"]
[White "Zamengo, Fulvio"]
[Black "Ballarin, Gabriele"]
[Result "1-0"]
[WhiteElo "2223"]
[BlackElo "1941"]
[Annotator "Gabriele Ballarin"]
[PlyCount "51"]
[EventDate "2015.01.23"]
[EventType "swiss"]
[EventRounds "5"]
[EventCountry "ITA"]

1. e4 c5 2. Nf3 g6 3. d4 cxd4 4. Nxd4 Nf6 5. Nc3 Nc6 6. Nxc6 dxc6 7. Qxd8+ Kxd8 8. Be3 e5 9. O-O-O+ Ke8 10. f3 Be6 11. Kb1 Nd7 12. g3 a5 13. f4 f6 14. Na4 b5 15. Nb6 Nxb6 16. Bxb6 Be7 17. Be2 Bd8 18. Rd6 Bxa2+ 19. Kxa2 Bxb6 20. Rxc6 Bd4 21. c3 Be3 22. Bxb5 Ke7 23. Rc7+ Kd6 24. Rd7+ Ke6 25. Rhd1 exf4 26. Bc4+ 1-0

[Event "75. C.to Provinciale VE"]
[Site "Marghera ITA"]
[Date "2015.01.24"]
[Round "3.2"]
[White "Barberini, Riccardo"]
[Black "Omeri, Silvan"]
[Result "0-1"]
[WhiteElo "1874"]
[BlackElo "2192"]
[Annotator "Gabriele Ballarin"]
[PlyCount "100"]
[EventDate "2015.01.23"]
[EventType "swiss"]
[EventRounds "5"]
[EventCountry "ITA"]

1. d4 Nf6 2. c4 e6 3. Nc3 Bb4 4. Bd2 O-O 5. Nf3 c5 6. e3 d5 7. cxd5 cxd4 8. Nxd4 Bxc3 9. Bxc3 Nxd5 10. Qb3 b6 11. Be2 Bb7 12. O-O Nd7 13. Bb4 Nxb4 14. Qxb4 Ne5 15. f4 Nc6 16. Nxc6 Bxc6 17. Bf3 Bxf3 18. Rxf3 Rc8 19. Raf1 Qd5 20. Qa4 a5 21. e4 Qd2 22. R3f2 Qe3 23. Kh1 Rfd8 24. Qb5 g6 25. h3 Qxe4 26. Qxb6 Rd5 27. Qb7 Rc2 28. Rxc2 Qxc2 29. Qb8+ Kg7 30. Qb3 Qxb3 31. axb3 Rd3 32. Ra1 Rxb3 33. Rxa5 Rxb2 34. Kh2 h5 35. Ra7 h4 36. Ra4 Rb1 37. f5 gxf5 38. Rxh4 e5 39. Ra4 f4 40. Re4 f6 41. Ra4 Kg6 42. h4 Kf5 43. Ra6 e4 44. Ra5+ Kg4 45. Ra4 f5 46. Ra5 e3 47. Re5 Kxh4 48. Re8 f3 49. g3+ Kg5 50. Rxe3 f2 0-1

[Event "75. C.to Provinciale VE"]
[Site "Marghera ITA"]
[Date "2015.01.24"]
[Round "3.3"]
[White "Gaion, Giancarlo"]
[Black "Polese, Marco"]
[Result "1/2-1/2"]
[WhiteElo "1916"]
[BlackElo "1915"]
[Annotator "Gabriele Ballarin"]
[PlyCount "26"]
[EventDate "2015.01.23"]
[EventType "swiss"]
[EventRounds "5"]
[EventCountry "ITA"]

1. c4 Nf6 2. Nc3 g6 3. g3 Bg7 4. Bg2 d6 5. d4 O-O 6. Nf3 c6 7. O-O Nbd7 8. e4 Qc7 9. h3 b6 10. Be3 a6 11. Qd2 Re8 12. e5 dxe5 13. Nxe5 Bb7 1/2-1/2

[Event "75. C.to Provinciale VE"]
[Site "Marghera ITA"]
[Date "2015.01.24"]
[Round "3.4"]
[White "Renier, Renzo"]
[Black "Anoè, Lorenzo"]
[Result "1-0"]
[WhiteElo "1965"]
[BlackElo "1739"]
[Annotator "Gabriele Ballarin"]
[PlyCount "63"]
[EventDate "2015.01.23"]
[EventType "swiss"]
[EventRounds "5"]
[EventCountry "ITA"]

1. e4 d6 2. d4 Nf6 3. Nc3 g6 4. f4 c5 5. dxc5 dxc5 6. Qxd8+ Kxd8 7. Be3 b6 8. Nf3 a6 9. Ne5 Ke8 10. Be2 Bb7 11. Bf3 Nbd7 12. Nxd7 Nxd7 13. Nd5 Rc8 14. e5 Bxd5 15. Bxd5 Rc7 16. O-O-O e6 17. Bf3 f6 18. Rd2 Rg8 19. Rhd1 Rg7 20. exf6 Nxf6 21. Rd8+ Kf7 22. Rb8 Nd7 23. Rb7 Rxb7 24. Bxb7 Kg8 25. Bxa6 e5 26. fxe5 Nxe5 27. Bh6 Ra7 28. Rd8 Rf7 29. Be2 Rf2 30. Re8 Nd7 31. Bc4+ Rf7 32. Bxf8 1-0

[Event "75. C.to Provinciale VE"]
[Site "Marghera ITA"]
[Date "2015.01.23"]
[Round "3.5"]
[White "Milan, Maurizio"]
[Black "Cecchetto, Vanni"]
[Result "0-1"]
[WhiteElo "1548"]
[BlackElo "1895"]
[Annotator "Gabriele Ballarin"]
[PlyCount "132"]
[EventDate "2015.01.23"]
[EventType "swiss"]
[EventRounds "5"]
[EventCountry "ITA"]

1. d4 Nf6 2. Bg5 e6 3. e4 h6 4. Bxf6 Qxf6 5. Nc3 Bb4 6. a3 Bxc3+ 7. bxc3 O-O 8. Nf3 d6 9. Be2 Qg6 10. Qd3 b6 11. Nh4 Qf6 12. Qg3 Bb7 13. Bd3 Nd7 14. Nf3 e5 15. d5 Nc5 16. O-O Bxd5 17. Nxe5 Be6 18. Nc6 Rfe8 19. e5 dxe5 20. Nxe5 Nxd3 21. cxd3 Bf5 22. d4 c5 23. Rfe1 cxd4 24. cxd4 Rad8 25. Rad1 Qd6 26. Qb3 Be6 27. Qd3 Bd5 28. h3 Bb7 29. Qc4 Qd5 30. Qxd5 Rxd5 31. Nf3 Rxe1+ 32. Rxe1 Rd8 33. Re7 Bxf3 34. gxf3 a5 35. Rb7 Rd6 36. Rb8+ Kh7 37. Kg2 Kg6 38. Rb7 Kf6 39. Kg3 g6 40. h4 h5 41. d5 Ke5 42. Rxf7 Kxd5 43. Rc7 Rc6 44. Re7 a4 45. Re4 b5 46. Rb4 Kc5 47. Kf4 Kb6 48. Kg5 Rc3 49. f4 Rxa3 50. Kxg6 Rb3 51. Re4 a3 52. Re1 Rb2 53. f5 Rxf2 54. f6 b4 55. f7 b3 56. Re6+ Kb5 57. Rf6 Rxf6+ 58. Kxf6 a2 59. Kg6 b2 60. f8=Q b1=Q+ 61. Kxh5 Qd1+ 62. Kg6 Qg4+ 63. Kh6 Qxh4+ 64. Kg6 a1=Q 65. Qb8+ Kc4 66. Qc7+ Kd3 0-1

[Event "75. C.to Provinciale VE"]
[Site "Marghera ITA"]
[Date "2015.01.24"]
[Round "3.6"]
[White "Mancin, Michele"]
[Black "Latella, Tommaso"]
[Result "1-0"]
[WhiteElo "1755"]
[BlackElo "1643"]
[Annotator "Gabriele Ballarin"]
[PlyCount "45"]
[EventDate "2015.01.23"]
[EventType "swiss"]
[EventRounds "5"]
[EventCountry "ITA"]

1. e4 e5 2. Nf3 Nf6 3. Nxe5 d6 4. Nf3 Nxe4 5. Nc3 Nxc3 6. dxc3 Be7 7. Be3 O-O 8. Qd2 Nc6 9. O-O-O Bf6 10. h3 Bf5 11. Bd3 Qd7 12. g4 Bxd3 13. Qxd3 g6 14. Rdg1 Qe6 15. Kb1 Ne5 16. Nxe5 dxe5 17. Qe4 c6 18. g5 Bg7 19. h4 a6 20. h5 Rad8 21. hxg6 hxg6 22. Qh4 f5 23. gxf6 1-0

[Event "75. C.to Provinciale VE"]
[Site "Marghera ITA"]
[Date "2015.01.24"]
[Round "3.7"]
[White "Majer, Andrea"]
[Black "Cappelletto, Joshuaede"]
[Result "1-0"]
[WhiteElo "1700"]
[BlackElo "1518"]
[Annotator "Gabriele Ballarin"]
[PlyCount "31"]
[EventDate "2015.01.23"]
[EventType "swiss"]
[EventRounds "5"]
[EventCountry "ITA"]

1. d4 Nf6 2. Nf3 g6 3. Nc3 Bg7 4. e4 d6 5. h3 Nbd7 6. Be3 O-O 7. e5 Ne8 8. Bc4 e6 9. Bg5 f6 10. Bxe6+ Kh8 11. exf6 Nexf6 12. O-O Re8 13. Re1 c6 14. Qd2 Qb6 15. Bb3 Rxe1+ 16. Rxe1 1-0

[Event "75. C.to Provinciale VE"]
[Site "Marghera ITA"]
[Date "2015.01.24"]
[Round "3.8"]
[White "Pastena, Dario"]
[Black "Marcucci, Michele"]
[Result "0-1"]
[WhiteElo "1440"]
[BlackElo "1700"]
[Annotator "Gabriele Ballarin"]
[PlyCount "148"]
[EventDate "2015.01.23"]
[EventType "swiss"]
[EventRounds "5"]
[EventCountry "ITA"]

1. d4 d5 2. Nf3 Nf6 3. b3 e6 4. Bg5 Nbd7 5. e3 c6 6. a4 Qa5+ 7. Qd2 Bb4 8. c3 Bd6 9. b4 Qc7 10. Bd3 O-O 11. Na3 Ne4 12. Qc2 Ndf6 13. Bxf6 Nxf6 14. O-O-O a5 15. Qb3 Qb6 16. Nc2 Ng4 17. Rhf1 axb4 18. cxb4 c5 19. dxc5 Bxc5 20. h3 Nf6 21. Nd2 Bd6 22. a5 Qc7 23. Kb2 Be5+ 24. Nd4 Bxd4+ 25. exd4 e5 26. Rc1 Qd6 27. dxe5 Qxe5+ 28. Kb1 Qg5 29. Nf3 Qxg2 30. Nh4 Qxh3 31. Rh1 Qe6 32. Bf5 Qe5 33. Qd3 Bxf5 34. Nxf5 Qe4 35. Qxe4 Nxe4 36. Rhg1 g6 37. f3 Nd2+ 38. Kb2 Nxf3 39. Rg3 Ne5 40. Ne7+ Kg7 41. Nxd5 Rfd8 42. Nf4 Rac8 43. Rgc3 Rxc3 44. Rxc3 h5 45. Kb3 Rd4 46. Ne2 Rd2 47. Nf4 Kf6 48. Rc5 h4 49. Nd5+ Ke6 50. Nf4+ Kd6 51. Rc8 Kd7 52. Rc3 g5 53. Nh3 Rd3 54. Rxd3+ Nxd3 55. Nxg5 f5 56. Kc4 Ne5+ 57. Kc5 f4 58. Nh3 f3 59. Kb6 Kc8 60. Nf2 Nc4+ 61. Ka7 Nd2 62. b5 Nc4 63. a6 bxa6 64. b6 Nxb6 65. Kxb6 Kd7 66. Kxa6 Ke6 67. Kb5 Ke5 68. Kc4 Kf4 69. Kd3 Kg3 70. Ke3 Kg2 71. Ng4 h3 72. Kf4 f2 73. Ne3+ Kg1 74. Kg3 h2 0-1

[Event "75. C.to Provinciale VE"]
[Site "Marghera ITA"]
[Date "2015.01.24"]
[Round "3.9"]
[White "Barecchia, Gian Marco"]
[Black "Bertaggia, Andrea"]
[Result "1-0"]
[WhiteElo "1661"]
[BlackElo "1440"]
[Annotator "Gabriele Ballarin"]
[PlyCount "23"]
[EventDate "2015.01.23"]
[EventType "swiss"]
[EventRounds "5"]
[EventCountry "ITA"]

1. e4 e6 2. d4 d5 3. Nc3 c6 4. Bd3 Nf6 5. Bg5 Be7 6. e5 Nfd7 7. Bxe7 Qxe7 8. Qg4 O-O 9. Nh3 c5 10. Bxh7+ Kxh7 11. Qh5+ Kg8 12. Ng5 1-0

[Event "75. C.to Provinciale VE"]
[Site "Marghera ITA"]
[Date "2015.01.24"]
[Round "3.11"]
[White "Settimo, Silvia"]
[Black "Fornaro, Massimo"]
[Result "0-1"]
[WhiteElo "1422"]
[BlackElo "1452"]
[Annotator "Gabriele Ballarin"]
[PlyCount "78"]
[EventDate "2015.01.23"]
[EventType "swiss"]
[EventRounds "5"]
[EventCountry "ITA"]

1. e4 e6 2. d4 d5 3. Nc3 Bb4 4. Bd3 Ne7 5. Nf3 O-O 6. O-O Bxc3 7. bxc3 dxe4 8. Bxe4 f5 9. Bd3 Nbc6 10. Bc4 h6 11. Re1 Nd5 12. Bd2 b6 13. Bb3 g5 14. c4 Nf6 15. Bb4 Nxb4 16. Ne5 Kg7 17. c3 Na6 18. Nc6 Qd6 19. d5 Nc5 20. Nd4 Nfe4 21. dxe6 Nxe6 22. c5 N4xc5 23. Qd2 Nxd4 24. cxd4 Nxb3 25. axb3 Be6 26. Rab1 c6 27. Qe2 Rf6 28. Qb2 a5 29. Re2 Raf8 30. Rbe1 h5 31. Rc2 Bd5 32. Rce2 Qf4 33. Qc3 Rd6 34. b4 a4 35. g3 Qf3 36. Qxf3 Bxf3 37. Re3 Bd5 38. Ra1 b5 39. Kf1 Rff6 0-1

[Event "75. C.to Provinciale VE"]
[Site "Marghera ITA"]
[Date "2015.01.25"]
[Round "4.1"]
[White "Omeri, Silvan"]
[Black "Zamengo, Fulvio"]
[Result "1/2-1/2"]
[WhiteElo "2192"]
[BlackElo "2223"]
[Annotator "Gabriele Ballarin"]
[PlyCount "98"]
[EventDate "2015.01.23"]
[EventType "swiss"]
[EventRounds "5"]
[EventCountry "ITA"]

1. Nf3 Nf6 2. g3 g6 3. d4 Bg7 4. Bg2 O-O 5. O-O d5 6. b3 c5 7. c3 Nc6 8. Bb2 Ne4 9. Nbd2 cxd4 10. Nxe4 dxe4 11. Nxd4 f5 12. Nxc6 bxc6 13. Qc2 Qc7 14. c4 e5 15. Rfd1 Be6 16. Ba3 c5 17. Rd2 a5 18. Rad1 Ra6 19. e3 Rb8 20. Bf1 a4 21. bxa4 Rba8 22. Rd5 Bxd5 23. cxd5 Rxa4 24. d6 Qc6 25. Bc4+ Kh8 26. Bd5 Qd7 27. Bxa8 Rxa3 28. Bd5 Ra6 29. Qxc5 Rxd6 30. Rb1 h5 31. Rb5 h4 32. a4 hxg3 33. hxg3 f4 34. Qc4 fxg3 35. Qxe4 gxf2+ 36. Kxf2 Qh3 37. Qh1 Qxh1 38. Bxh1 Rd2+ 39. Ke1 Ra2 40. Bc6 Kh7 41. a5 e4 42. Bxe4 Rxa5 43. Rb6 Rg5 44. Kf2 Be5 45. Ra6 Kg7 46. Bxg6 Bg3+ 47. Kf3 Rxg6 48. Rxg6+ Kxg6 49. Kxg3 Kf5 1/2-1/2

[Event "75. C.to Provinciale VE"]
[Site "Marghera ITA"]
[Date "2015.01.25"]
[Round "4.2"]
[White "Mancin, Michele"]
[Black "Renier, Renzo"]
[Result "0-1"]
[WhiteElo "1755"]
[BlackElo "1965"]
[Annotator "Gabriele Ballarin"]
[PlyCount "102"]
[EventDate "2015.01.23"]
[EventType "swiss"]
[EventRounds "5"]
[EventCountry "ITA"]

1. Nf3 Nf6 2. c4 g6 3. g3 Bg7 4. Bg2 O-O 5. O-O c5 6. d4 cxd4 7. Nxd4 Nc6 8. Nxc6 dxc6 9. Qb3 Qc7 10. Rd1 Rd8 11. Nc3 Rxd1+ 12. Qxd1 e5 13. Qc2 Be6 14. Na4 Rd8 15. Nc5 Bc8 16. Bg5 h6 17. Bxf6 Bxf6 18. Ne4 Be7 19. Nc3 Rd4 20. b3 Bf5 21. e4 Bg4 22. h3 Be6 23. Ne2 Rd8 24. Rd1 Bc5 25. Nc3 Rxd1+ 26. Qxd1 Qa5 27. Qc2 Bd4 28. Nd1 Kg7 29. Qe2 Qa3 30. Qd2 a5 31. Kh2 a4 32. Qc2 axb3 33. axb3 b5 34. Bf1 bxc4 35. Bxc4 Bxc4 36. bxc4 Qf3 37. h4 h5 38. Ne3 Bxe3 39. fxe3 Qxe3 40. Kg2 g5 41. hxg5 Qxg5 42. Kh2 Qg4 43. Qd3 h4 44. gxh4 Qxh4+ 45. Kg2 Qg4+ 46. Kh2 Qf4+ 47. Kg2 Qf6 48. Kh2 Kg6 49. Kg2 Kh5 50. Qh3+ Qh4 51. Qf5+ Qg5+ 0-1

[Event "75. C.to Provinciale VE"]
[Site "Marghera ITA"]
[Date "2015.01.25"]
[Round "4.3"]
[White "Ballarin, Gabriele"]
[Black "Barberini, Riccardo"]
[Result "1-0"]
[WhiteElo "1941"]
[BlackElo "1874"]
[Annotator "Gabriele Ballarin"]
[PlyCount "106"]
[EventDate "2015.01.23"]
[EventType "swiss"]
[EventRounds "5"]
[EventCountry "ITA"]

1. e4 e5 2. Nf3 Nc6 3. Bc4 Nd4 4. Nxd4 exd4 5. d3 Bb4+ 6. c3 dxc3 7. bxc3 Qf6 8. Qb3 Bc5 9. d4 Bb6 10. O-O Ne7 11. a4 a6 12. Nd2 O-O 13. Nf3 Nc6 14. Qc2 d6 15. Re1 Qg6 16. Bd3 Qh5 17. Re3 f6 18. Nd2 Bd7 19. Nc4 Ba7 20. a5 Kh8 21. Rg3 Rfe8 22. Be3 Nd8 23. Rb1 Rb8 24. f4 Nc6 25. Be2 Qf7 26. Ra1 Ra8 27. Nd2 Be6 28. Bf2 d5 29. Bd3 h6 30. e5 f5 31. Nf3 Rab8 32. Nh4 Ne7 33. Re3 c5 34. Ree1 cxd4 35. Bxd4 Bxd4+ 36. cxd4 Rec8 37. Qb2 Qh5 38. g3 Qf7 39. Reb1 Nc6 40. Nf3 Qh5 41. Kg2 g5 42. Qd2 Rg8 43. Be2 Qg6 44. Rb6 Rg7 45. Rab1 gxf4 46. Qxf4 Nxa5 47. Bxa6 Qf7 48. Qxh6+ Rh7 49. Qxe6 Qc7 50. Qf6+ Kg8 51. Bd3 Rf8 52. Qg5+ Kh8 53. Bxf5 Qg7 1-0

[Event "75. C.to Provinciale VE"]
[Site "Marghera ITA"]
[Date "2015.01.25"]
[Round "4.4"]
[White "Marcucci, Michele"]
[Black "Gaion, Giancarlo"]
[Result "1/2-1/2"]
[WhiteElo "1700"]
[BlackElo "1916"]
[Annotator "Gabriele Ballarin"]
[PlyCount "130"]
[EventDate "2015.01.23"]
[EventType "swiss"]
[EventRounds "5"]
[EventCountry "ITA"]

1. d4 d5 2. c4 e6 3. Nc3 c6 4. Nf3 f5 5. cxd5 exd5 6. Bg5 Nf6 7. Bxf6 Qxf6 8. Qa4 Nd7 9. e3 Bd6 10. Bd3 O-O 11. O-O-O a5 12. h3 b5 13. Bxb5 cxb5 14. Qxb5 Rb8 15. Qxd5+ Kh8 16. Qxa5 Bb4 17. Qc7 Bxc3 18. Qxc3 Bb7 19. Kb1 Rfc8 20. Qd2 Be4+ 21. Ka1 Rc2 22. Qa5 Rbxb2 23. Rd2 Rxa2+ 24. Qxa2 Rxa2+ 25. Rxa2 h6 26. Rc1 Qg6 27. Nh4 Qh5 28. Ra7 Qxh4 29. Rc8+ Kh7 30. Rxd7 Qxf2 31. Rcc7 Qxg2 32. h4 h5 33. Ra7 Qg1+ 34. Kb2 Qf2+ 35. Ka1 Qe1+ 36. Ka2 Qd2+ 37. Ka1 Qc1+ 38. Ka2 Bb1+ 39. Kb3 Bc2+ 40. Kb4 Qd2+ 41. Kc5 Qc3+ 42. Kd6 Qb4+ 43. Ke5 Qb8+ 44. Rac7 Qe8+ 45. Kd6 Qg6+ 46. Kc5 Be4 47. d5 Qg1 48. Rxg7+ Qxg7 49. Rxg7+ Kxg7 50. d6 Kf7 51. d7 Ke7 52. d8=Q+ Kxd8 53. Kd6 Bc2 54. Ke6 Kc7 55. Kf6 Kd6 56. Kg5 Ke5 57. Kxh5 Ke4 58. Kg5 Bd1 59. Kg6 Bg4 60. Kg5 Bd1 61. Kg6 Ba4 62. Kg5 Be8 63. Kf6 Bd7 64. h5 f4 65. exf4 Kxf4 1/2-1/2

[Event "75. C.to Provinciale VE"]
[Site "Marghera ITA"]
[Date "2015.01.25"]
[Round "4.5"]
[White "Anoè, Lorenzo"]
[Black "Majer, Andrea"]
[Result "1/2-1/2"]
[WhiteElo "1739"]
[BlackElo "1700"]
[Annotator "Gabriele Ballarin"]
[PlyCount "97"]
[EventDate "2015.01.23"]
[EventType "swiss"]
[EventRounds "5"]
[EventCountry "ITA"]

1. Nf3 d5 2. g3 Nf6 3. Bg2 c6 4. d3 g6 5. O-O Bg7 6. c3 O-O 7. Nbd2 Nbd7 8. e4 dxe4 9. dxe4 Qc7 10. Qe2 Nc5 11. Nd4 e5 12. N4b3 Nxb3 13. Nxb3 b6 14. Rd1 Re8 15. f3 Bb7 16. Be3 Rad8 17. a4 a5 18. Qf2 c5 19. Bf1 Re6 20. Bc4 Red6 21. Qe2 Bc6 22. Rxd6 Rxd6 23. Nd2 Qd7 24. b3 Nh5 25. Nf1 Nf6 26. Kf2 Kf8 27. Ke1 Ke7 28. Rd1 Ne8 29. Rxd6 Nxd6 30. Bd5 Qb7 31. c4 f5 32. Qd3 fxe4 33. fxe4 Nf7 34. Bd2 Nd8 35. Bg5+ Bf6 36. Bxf6+ Kxf6 37. Bxc6 Nxc6 38. Qd6+ Kg5 39. Ne3 h5 40. Nd5 Qf7 41. Qxc6 Qf3 42. Qxb6 Qh1+ 43. Kf2 Qxh2+ 44. Kf3 Qh1+ 45. Kf2 Qh2+ 46. Kf3 Qh1+ 47. Ke2 Qg2+ 48. Kd3 Qf1+ 49. Ke3 1/2-1/2

[Event "75. C.to Provinciale VE"]
[Site "Marghera ITA"]
[Date "2015.01.25"]
[Round "4.6"]
[White "Polese, Marco"]
[Black "Barecchia, Gian Marco"]
[Result "1-0"]
[WhiteElo "1915"]
[BlackElo "1661"]
[Annotator "Gabriele Ballarin"]
[PlyCount "59"]
[EventDate "2015.01.23"]
[EventType "swiss"]
[EventRounds "5"]
[EventCountry "ITA"]

1. Nf3 d5 2. d4 Nf6 3. g3 Bf5 4. Bg2 e6 5. b3 Nbd7 6. O-O Be7 7. Bb2 O-O 8. Nbd2 Ne4 9. c4 c6 10. Ne1 Ndf6 11. f3 Nxd2 12. Qxd2 Rc8 13. Nd3 Qc7 14. Nf2 Rfd8 15. e4 dxe4 16. fxe4 Bg6 17. e5 Nd7 18. Qe3 Nb6 19. Rad1 Qb8 20. Nh3 c5 21. d5 exd5 22. cxd5 Re8 23. Qf3 Nd7 24. Rde1 c4 25. d6 Bd8 26. Nf4 Bb6+ 27. Kh1 cxb3 28. Nxg6 hxg6 29. Qxf7+ Kh7 30. e6 1-0

[Event "75. C.to Provinciale VE"]
[Site "Marghera ITA"]
[Date "2015.01.25"]
[Round "4.7"]
[White "Latella, Tommaso"]
[Black "Pastena, Dario"]
[Result "1-0"]
[WhiteElo "1643"]
[BlackElo "1440"]
[Annotator "Gabriele Ballarin"]
[PlyCount "89"]
[EventDate "2015.01.23"]
[EventType "swiss"]
[EventRounds "5"]
[EventCountry "ITA"]

1. e4 c5 2. d4 e6 3. d5 exd5 4. exd5 Bd6 5. c4 Nf6 6. Nf3 h6 7. Bd3 Qe7+ 8. Qe2 Qxe2+ 9. Kxe2 Bc7 10. Re1 O-O 11. Nc3 a6 12. a3 g5 13. b4 d6 14. Bb2 g4 15. Nd2 Nh5 16. g3 f5 17. f4 gxf3+ 18. Nxf3 cxb4 19. axb4 Bb6 20. Na4 Bd8 21. c5 f4 22. Kf2 fxg3+ 23. hxg3 Bg4 24. Be2 Nf6 25. Red1 Ne4+ 26. Kg2 Ng5 27. Nxg5 Bxe2 28. Re1 Bc4 29. Ne6 Bxd5+ 30. Kg1 Re8 31. Nxd8 Rxd8 32. Nb6 Nc6 33. Nxd5 dxc5 34. Nf6+ Kf7 35. Rf1 Kg6 36. Ne4 Rf8 37. Rxf8 Rxf8 38. bxc5 Rf3 39. Rf1 Rb3 40. Bc3 Nb4 41. Rf6+ Kh5 42. Bd2 Kg4 43. Kg2 a5 44. Nf2+ Kh5 45. Rxh6# 1-0